000 00992nam a2200253 a 4500
001 BRCA_6618
005 20190320205529.0
008 081010c1964----ag-af#####---#000-0#spa-#
041 _aspa
044 _aag
050 4 _aND553
_b.P56 111 1964
245 1 0 _aFrancisco del Cossa
_cmonografía por Vincenza Scassellati-Riccardi ; traducción por Ángel Sánchez Gijón ; el juicio del siglo XX, por Ernesto B. Rodríguez.
260 _aArgentina
_bCodex
_c[1964]
300 _a1 v. (sin paginación)
_bil., 16 láminas a color
_c36 cm.
440 0 _aPinacoteca de los genios : la más grandiosa colección de arte del mundo
_v111
_916565
500 _aIncluye índice de ilustraciones
500 _aDonación Dra. Elsa Barberena
600 1 4 _aCossa, Francisco del
_d1436-1477
_qFrancesco del Cossa
_916566
700 1 _aScassellati-Riccardi, Vincenza
_916567
700 1 _aRodríguez, Ernesto B.
_912094
700 1 _aSánchez Gijón, Ángel
_etr.
_916568
902 _aDEB
942 _2lcc
_cB
999 _c6302
_d6302